| 000 | 00480nam a2200157 4500 | ||
|---|---|---|---|
| 005 | 20260424223400.0 | ||
| 008 | - | ||
| 040 |
_aBiblioteca LadoV Teorética _cBiblioteca LadoV Teorética |
||
| 082 | 0 | 4 |
_a741.9 _bO45d |
| 100 | 1 | _aOlguín Zapata, Jazael | |
| 245 | 1 | 0 |
_aDesequilibirum Dolems / _cpor Jazael Olguín Zapata |
| 260 | 1 |
_aMéxico : _bTaller XD, _c2023 |
|
| 300 |
_a115 páginas : _bdibujo a color ; _c25 x 20 cm. |
||
| 650 | 7 |
_2UNESCO _aARTES VISUALES |
|
| 942 |
_2ddc _c1 _n0 |
||
| 999 |
_c4654 _d4654 |
||